000236950 001__ 236950
000236950 005__ 20210218173027.0
000236950 0247_ $$2G:(DE-HGF)$$aG:(DE-HGF)POF4-433
000236950 035__ $$aG:(DE-HGF)POF4-433
000236950 150__ $$aTransport System$$xPOF IV$$y2021 - 2026
000236950 372__ $$aPOF IV$$s2021$$t2026
000236950 450__ $$5HGF$$a433$$wd
000236950 450__ $$aTransport System$$ieng$$wr
000236950 5101_ $$0I:(DE-588b)5165524-X$$aHelmholtz Gemeinschaft Deutscher Forschungszentren
000236950 550__ $$0G:(DE-HGF)POF3-433$$aTransport System$$wa
000236950 550__ $$0G:(DE-HGF)POF4-430$$aVerkehr$$wt
000236950 751_7 $$2DE-HGF$$aIGN_4_DESY [DESY]
000236950 751_7 $$2DE-HGF$$aIGN_4_GSI
000236950 751_7 $$2DE-HGF$$aIGN_4_DKFZ
000236950 751_7 $$2DE-HGF$$aIGN_4_DZNE
000236950 751_7 $$2DE-HGF$$aIGN_4_RWTH
000236950 751_7 $$2DE-HGF$$aIGN_4_I:(DE-H253)HAS-User-20120731 [DESY]
000236950 751_7 $$2DE-HGF$$aIGN_4_I:(DE-H253)Extern-20130219 [DESY]
000236950 751_7 $$2DE-HGF$$aIGN_4_I:(DE-H253)EMBL-20120731 [DESY]
000236950 750_7 $$0V:(DE-HGF)13$$2V:(DE-HGF)$$aLeistungskategorie I
000236950 750_7 $$0V:(DE-HGF)3$$2V:(DE-HGF)$$aTopic
000236950 909CO $$ooai:juser.fz-juelich.de:889545$$pauthority$$pauthority:GRANT
000236950 909CO $$ooai:juser.fz-juelich.de:889545
000236950 980__ $$aG
000236950 980__ $$aAUTHORITY